header

Heroic measures (Record no. 139087)

MARC details
000 -LEADER
fixed length control field 01533nam a2200385 a 4500
082 04 - DEWEY DECIMAL CLASSIFICATION NUMBER
Classification number 882/.01
100 1# - MAIN ENTRY--AUTHOR NAME
Personal name Kosak, Jennifer Clarke.
245 10 - TITLE STATEMENT
Title Heroic measures
260 ## - PUBLICATION, DISTRIBUTION, ETC. (IMPRINT)
Place of publication Leiden ;
-- Boston :
Name of publisher Brill,
Year of publication 2004.
300 ## - PHYSICAL DESCRIPTION
Number of Pages x, 229 p.
490 1# - SERIES STATEMENT
Series statement Studies in ancient medicine,
650 #0 - SUBJECT ADDED ENTRY--TOPICAL TERM
Topical Term Literature and medicine
Topical Term Medicine, Greek and Roman.
Topical Term Medicine in literature.
Topical Term Tragedy.
856 40 - ELECTRONIC LOCATION AND ACCESS
Uniform Resource Identifier http://site.ebrary.com/lib/rucke/Doc?id=10171663

No items available.

© 2026 Rongo University
Contact us: librarian | system librarian | Rongo university